[Event "Dortmund Sparkassen op-B 47th"]
[Site "Dortmund"]
[Date "2019.07.13"]
[Round "1"]
[White "Althans, Dieter"]
[Black "Karpenko, Nikolaj"]
[Result "0-1"]
[WhiteElo "1640"]
[BlackElo "1852"]
[PlyCount "118"]
[EventDate "2019.07.13"]
[EventType "swiss"]
[EventRounds "9"]
[EventCountry "GER"]
[SourceTitle "CBM 192 Extra"]
[Source "Chessbase"]
[SourceDate "2019.11.06"]
[SourceVersion "1"]
[SourceVersionDate "2019.11.06"]
[SourceQuality "1"]

1. d4 Nf6 2. c4 c6 3. Nc3 d5 4. e3 e6 5. Nf3 Nbd7 6. Bd3 dxc4 7. Bxc4 Bd6 8. 0-0 Qc7 9. e4 e5 10. Re1 0-0 11. h3 b5 12. Bd3 Re8 13. Be3 a6 14. Rc1 Bb7 15. Ne2 exd4 16. Nexd4 Nxe4 17. Nf5 Bb4 18. Re2 Bf8 19. Nd2 Ndf6 20. f3 Nxd2 21. Qxd2 Rad8 22. Bf2 Qd7 23. Rxe8 Nxe8 24. Rd1 Qd5 25. Ne3 Qd6 26. Qc2 Qe7 27. Bxh7+ Kh8 28. Be4 Rxd1+ 29. Nxd1 Qe6 30. b3 Nf6 31. Bf5 Qe5 32. Ne3 Bd6 33. g3 c5 34. Ng4 Nxg4 35. Bxg4 g6 36. Qd2 Kg7 37. Qd3 Bd5 38. Bc8 c4 39. Qd1 Be6 40. f4 Qf5 41. Bxe6 Qxe6 42. bxc4 bxc4 43. Qc2 Qd5 44. Qc3+ Kg8 45. Qd4 Qc6 46. Qf6 Qc7 47. Bd4 Kf8 48. Qh8+ Ke7 49. Qf6+ Ke8 50. Qh8+ Kd7 51. Qf6 Kc8 52. Qh8+ Kb7 53. Qe8 Bc5 54. Qe4+ Qc6 55. Qxc6+ Kxc6 56. Bxc5 Kxc5 57. Kf2 Kd4 58. Ke2 Kc3 59. Kd1 Kb2 0-1

[Event "Duisburg Grossenbaum op"]
[Site "Duisburg"]
[Date "2006.06.04"]
[Round "4"]
[White "Althans, Dieter"]
[Black "Scharrenbroich, Andreas"]
[Result "1/2-1/2"]
[WhiteElo "1692"]
[BlackElo "1850"]
[PlyCount "94"]
[EventDate "2006.06.02"]
[EventType "swiss"]
[EventRounds "7"]
[EventCountry "GER"]
[SourceTitle "EXT 2007"]
[Source "ChessBase"]
[SourceDate "2006.11.23"]
[SourceVersion "1"]
[SourceVersionDate "2006.11.23"]
[SourceQuality "1"]

1. d4 Nf6 2. c4 g6 3. Nc3 d5 4. Nf3 Bg7 5. cxd5 Nxd5 6. e4 Nxc3 7. bxc3 c5 8. Bb2 Qa5 9. Qd2 cxd4 10. cxd4 Qxd2+ 11. Nxd2 Nc6 12. Bb5 Bd7 13. Nb3 a6 14. Bxc6 Bxc6 15. f3 0-0-0 16. Rd1 Ba4 17. Rd2 Bxb3 18. axb3 Rd7 19. Ke2 e6 20. Rc1+ Kb8 21. Rcd1 Rhd8 22. g3 Rc7 23. f4 Rdc8 24. Ke3 Bf8 25. d5 Bb4 26. Be5 Bxd2+ 27. Rxd2 exd5 28. Rxd5 Ka7 29. Bxc7 Rxc7 30. Kd2 b5 31. Rd6 a5 32. g4 b4 33. f5 a4 34. bxa4 b3 35. Rd3 Rc2+ 36. Kd1 Rxh2 37. Rxb3 Rg2 38. fxg6 hxg6 39. Rf3 Rxg4 40. Rxf7+ Ka6 41. e5 Rxa4 42. Rf6+ Kb7 43. Rxg6 Re4 44. Rg5 Kc6 45. Kd2 Kd5 46. Kd3 Rxe5 47. Rxe5+ Kxe5 1/2-1/2

[Event "Duisburg Grossenbaum op"]
[Site "Duisburg"]
[Date "2006.06.02"]
[Round "1"]
[White "Schless, Sebastian"]
[Black "Althans, Dieter"]
[Result "1-0"]
[WhiteElo "2069"]
[BlackElo "1692"]
[PlyCount "31"]
[EventDate "2006.06.02"]
[EventType "swiss"]
[EventRounds "7"]
[EventCountry "GER"]
[SourceTitle "EXT 2007"]
[Source "ChessBase"]
[SourceDate "2006.11.23"]
[SourceVersion "1"]
[SourceVersionDate "2006.11.23"]
[SourceQuality "1"]

1. e4 e5 2. d4 exd4 3. Qxd4 Nc6 4. Qe3 g6 5. Nc3 Bg7 6. Bd2 Nge7 7. 0-0-0 0-0 8. h4 Bd4 9. Qg3 d6 10. h5 Be6 11. Nge2 Re8 12. Nxd4 Nxd4 13. hxg6 fxg6 14. Qh4 Qd7 15. Qxh7+ Kf8 16. Bh6# 1-0